| 000 | 00390nam a22001457a 4500 | ||
|---|---|---|---|
| 008 | 200318b ||||| |||| 00| 0 eng d | ||
| 020 | _a9788123923307 | ||
| 082 | _a611 GAH | ||
| 100 | _aGarg, Krishna (ed) | ||
| 245 | _aChaurasia's Human Anatomy | ||
| 250 |
_a8th _b2019 |
||
| 260 |
_aNew Delhi _bCBS Publishers & Distributors |
||
| 650 | _aHuman Anatomy and Physiology | ||
| 942 |
_2ddc _cBK |
||
| 999 |
_c8570 _d8570 |
||